| 000 | 00777nas a2200169 i 4500 | ||
|---|---|---|---|
| 001 | 185048 | ||
| 003 | ES-MaACL | ||
| 005 | 20250217134917.0 | ||
| 008 | 160309d19141918sp | | |spa d | ||
| 245 | 0 | 0 |
_aCorrespondencia alemana de la guerra : _bse publica todos los días, además de los telegramas oficiales del teatro de operaciones, un resumen de los artículos de fondo y otros de general interés de la prensa diaria de Alemania, Austria-Hungría y de Turquía. |
| 260 |
_aBarcelona : _bServicio Alemán de Información, _c[1914-1918?] |
||
| 300 |
_a1 v. ; _c28 cm. |
||
| 650 | 4 |
_aGuerra mundial, 1914-1918. _913212 |
|
| 852 | 4 |
_aES-MaACL _j1528-F-20 _x- N. suelto aparecido dentro del folleto 1528-F-13 |
|
| 866 | 0 | _o3 de agosto de 1916 | |
| 999 |
_c185048 _d185048 |
||